00633cam a22002051 45000010005000000030008000050050017000130080039000300350018000690350018000870400046001050410008001510820023001591000043001822450061002252600074002863000025003605040020003856100022004054760BD-RjUL20211208233942.0131222s19671952enk 001 0 eng a(BD-RjUL)4795 a(OCoLC)497114 aDLCcOKentUdOCoLCdUkdDLCdBD-RjULbeng aeng a323.1497bWAH 19671 aWalters, F. P.q(Francis Paul),d1888-02aA history of the League of Nations /cby F. P. Walters. aLondon :aNew York :bOxford University Press,cc1952 [Reprint 1967]. axv, 833 p. ;c26 cm. aIncludes Index.20aLeague of Nations